အမျိုးသားညီလာခံ ကျင်းပရေးညိုနှိုင်းဆွေးနွေးပွဲတွင် အမျိုးသားညီလာခံ... / (Record no. 27255)

000 -LEADER
fixed length control field 00867nam a22001697a 4500
005 - DATE AND TIME OF LATEST TRANSACTION
control field 20260127145549.0
008 - FIXED-LENGTH DATA ELEMENTS--GENERAL INFORMATION
fixed length control field 230715b ||||| |||| 00| 0 eng d
040 ## - CATALOGING SOURCE
Transcribing agency SSBUL
Modifying agency SSBUL
082 ## - DEWEY DECIMAL CLASSIFICATION NUMBER
Edition number 23
Classification number ၈၉၅.၈၅ အ ၁၆၀၈၃ (S-SAT)
245 ## - TITLE STATEMENT
Title အမျိုးသားညီလာခံ ကျင်းပရေးညိုနှိုင်းဆွေးနွေးပွဲတွင် အမျိုးသားညီလာခံ... /
300 ## - PHYSICAL DESCRIPTION
Extent ၉၅ စာမျက်နှာ၊
Dimensions ၁၇ စင်တီ။
500 ## - GENERAL NOTE
General note S-SAT: Dr. Prof Sai Aung Tun
650 ## - SUBJECT ADDED ENTRY--TOPICAL TERM
Topical term or geographic name entry element မြန်မာမိန့်ခွန်းများ။
9 (RLIN) 27776
Topical term or geographic name entry element မိန့်ခွန်းများ။
9 (RLIN) 27777
Topical term or geographic name entry element အမျိုးသားညီလာခံ
Geographic subdivision မြန်မာနိုင်ငံ။
9 (RLIN) 27837
942 ## - ADDED ENTRY ELEMENTS (KOHA)
Source of classification or shelving scheme
Koha item type Books (Long term)
Holdings
Withdrawn status Lost status Source of classification or shelving scheme Damaged status Not for loan Collection code Permanent Location Current Location Shelving location Date acquired Total Checkouts Full call number Barcode Date last seen Price effective from Koha item type Accession
          Special Collections Shan State Buddhist University Library Shan State Buddhist University Library Special Collection Shelves 15/07/2023   ၈၉၅.၈၅ အ ၁၆၀၈၃ (S-SAT) MB00016083 15/07/2023 15/07/2023 Books (Long term) ၁၆၀၈၃ (S-SAT)

Library - 09407999929
Admin Office - 09407999979
Dean Office - 09250910768
Registrar Office - 09892297154
Email - [email protected]
Shan State Buddhist University, Phaya Phyu Taunggyi, Shan State, Myanmar.